Govt. of
Madhya Pradesh

THE BUDDHA AND HIS TEACHINGS (Record no. 67716)

MARC details
000 -LEADER
fixed length control field 00457nam a22001817a 4500
003 - CONTROL NUMBER IDENTIFIER
control field MACL
005 - DATE AND TIME OF LATEST TRANSACTION
control field 20241024163626.0
008 - FIXED-LENGTH DATA ELEMENTS--GENERAL INFORMATION
fixed length control field 241024b |||||||| |||| 00| 0 eng d
040 ## - CATALOGING SOURCE
Transcribing agency MACL
082 ## - DEWEY DECIMAL CLASSIFICATION NUMBER
Classification number 294
100 ## - MAIN ENTRY--PERSONAL NAME
Personal name NARADA
9 (RLIN) 79348
245 ## - TITLE STATEMENT
Title THE BUDDHA AND HIS TEACHINGS
260 ## - PUBLICATION, DISTRIBUTION, ETC. (IMPRINT)
Place of publication, distribution, etc. MUMBAI
Name of publisher, distributor, etc. JAICO PUBLISHING HOUSE
Date of publication, distribution, etc. 2024
440 ## - SERIES STATEMENT/ADDED ENTRY--TITLE
Title THE BUDDHA AND HIS TEACHINGS
9 (RLIN) 82965
600 ## - SUBJECT ADDED ENTRY--PERSONAL NAME
Personal name NARADA
9 (RLIN) 79348
650 ## - SUBJECT ADDED ENTRY--TOPICAL TERM
Topical term or geographic name as entry element RELIGION
942 ## - ADDED ENTRY ELEMENTS (KOHA)
Source of classification or shelving scheme
Koha item type Books
Holdings
Withdrawn status Lost status Source of classification or shelving scheme Damaged status Not for loan Home library Current library Date acquired Cost, normal purchase price Total Checkouts Full call number Barcode Checked out Date last seen Date last checked out Price effective from Koha item type
          MACL MACL 24/10/2024 599.00 1 294 DPI003053 27/12/2024 11/12/2024 11/12/2024 24/10/2024 Books